MARC

LEADER 00000nam0a2200000 4500
001 142307
005 20231031142715.0
010 |a 5211009444 
035 |a (RuTPU)RU\TPU\book\154220 
090 |a 142307 
100 |a 20080904d1990 k y0rusy50 ca 
101 0 |a rus 
102 |a RU 
105 |a y z 001zy 
200 1 |a Континуальные интегралы  |f О. Г. Смолянов, Е. Т. Шавгулидзе 
210 |a Москва  |c Изд-во Московского ун-та  |d 1990 
215 |a 150 с. 
320 |a Библиогр.: с.147-150. 
610 1 |a континуальный интеграл 
610 1 |a математика 
610 1 |a интегралы Фейнмана 
675 |a 517.987  |v 3 
700 1 |a Смолянов  |b О. Г.  |g Олег Георгиевич 
701 1 |a Шавгулидзе  |b Е. Т.  |g Евгений Тенгизович 
801 1 |a RU  |b 63413507  |c 20080904  |g PSBO 
801 2 |a RU  |b 63413507  |c 20191110  |g PSBO 
942 |c BK